[Event "Online Olym Base B"]
[Site "Chess.com INT"]
[Date "2020.07.25"]
[Round "1.3"]
[White "James, Tondo"]
[Black "Salih, Al Hor"]
[Result "1/2-1/2"]
[WhiteElo "1900"]
[BlackElo "1850"]
[PlyCount "143"]
[EventDate "2020.07.25"]
[EventType "team-tourn (rapid)"]
[EventRounds "9"]
[EventCountry "USA"]
[SourceTitle "CBM 198"]
[Source "ChessBase"]
[SourceDate "2020.10.31"]
[SourceVersion "1"]
[SourceVersionDate "2020.10.31"]
[SourceQuality "1"]
[WhiteTeam "Liberia"]
[BlackTeam "Qatar"]
[WhiteTeamCountry "LBR"]
[BlackTeamCountry "QAT"]

1. e4 c5 2. Nf3 d6 3. d4 cxd4 4. Nxd4 Nf6 5. Nc3 a6 6. Be3 e6 7. f3 Be7 8. Qd2 b5 9. g4 Bb7 10. 0-0-0 Nfd7 11. Nce2 Ne5 12. Ng3 Nbd7 13. Be2 Nb6 14. b3 0-0 15. h4 Qc7 16. Bg5 Rfe8 17. Bxe7 Rxe7 18. Nh5 Rf8 19. g5 d5 20. f4 Ng6 21. e5 Rc8 22. Rdg1 Qc3 23. Qxc3 Rxc3 24. Nf6+ Kh8 25. Nh5 Rec7 26. Kb2 a5 27. Bd3 b4 28. Nb5 Rxd3 29. Nxc7 Rf3 30. Ne8 Ba6 31. Rf1 Bxf1 32. Nhxg7 Ba6 33. h5 Nxf4 34. h6 a4 35. Nd6 a3+ 36. Kc1 Ne2+ 37. Kd2 Nc3 38. Rh4 Rf2+ 39. Ke3 Ne4 40. Rf4 Rxf4 41. Kxf4 Nd7 42. Nxf7+ Kg8 43. Nd6 Nxd6 44. exd6 Kf7 45. Ke3 Kg6 46. Nxe6 Bb5 47. Kd4 Kf7 48. Nc7 Bc6 49. Nxd5 Nf8 50. Ne7 Bd7 51. Kc5 Ke6 52. Kxb4 Kxd6 53. Ng6 Nxg6 54. Kxa3 Ke5 55. c4 Kf5 56. b4 Kxg5 57. b5 Kxh6 58. Kb4 Kg7 59. a4 h5 60. a5 Ne7 61. a6 Nc8 62. c5 h4 63. b6 Nxb6 64. cxb6 h3 65. b7 h2 66. b8Q h1Q 67. Qe5+ Kf7 68. Qf4+ Ke7 69. Qg5+ Kf7 70. Qf4+ Ke7 71. Qe5+ Kf7 72. Qf4+ 1/2-1/2

[Event "Gulf-ch Amateur"]
[Site "Kuwait"]
[Date "2019.10.26"]
[Round "5"]
[White "Salih, Al Hor"]
[Black "Abbas, Ali"]
[Result "1-0"]
[WhiteElo "1832"]
[BlackElo "1889"]
[PlyCount "89"]
[EventDate "2019.10.21"]
[EventType "swiss"]
[EventRounds "9"]
[EventCountry "KUW"]
[SourceTitle "CBM 195 Extra"]
[Source "ChessBase"]
[SourceDate "2020.05.31"]
[SourceVersion "1"]
[SourceVersionDate "2020.05.31"]
[SourceQuality "1"]

1. d4 d5 2. c4 c6 3. cxd5 Qxd5 4. Nc3 Qd8 5. Nf3 Nf6 6. Bf4 Nbd7 7. e4 Nb6 8. d5 cxd5 9. Qb3 Bd7 10. exd5 a6 11. Be3 Nc8 12. Qxb7 Nd6 13. Qb3 g6 14. Be2 Bg7 15. 0-0 0-0 16. Ne5 Nfe4 17. Nc6 Qe8 18. Nxe4 Nxe4 19. Qb4 Nd6 20. Bd4 Bxc6 21. dxc6 Bxd4 22. Qxd4 Qxc6 23. Bf3 Qb5 24. Bxa8 Rxa8 25. Rfd1 Rb8 26. b3 Nf5 27. Qd5 Qb6 28. Rac1 e6 29. Qe5 Rf8 30. Rd7 Qb4 31. Rcd1 Qh4 32. g3 Qh6 33. Rd8 Ne7 34. Rxf8+ Qxf8 35. Qd6 Nd5 36. Qxf8+ Kxf8 37. Rc1 Nb4 38. Rc8+ Ke7 39. Rc7+ Kf6 40. a3 Nd3 41. Ra7 Nc1 42. b4 Ne2+ 43. Kf1 Nc3 44. Rxa6 h5 45. a4 1-0

[Event "Gulf-ch Amateur"]
[Site "Kuwait"]
[Date "2019.10.22"]
[Round "2"]
[White "Alruwayeh, Talal"]
[Black "Salih, Al Hor"]
[Result "0-1"]
[WhiteElo "1451"]
[BlackElo "1832"]
[PlyCount "37"]
[EventDate "2019.10.21"]
[EventType "swiss"]
[EventRounds "9"]
[EventCountry "KUW"]
[SourceTitle "CBM 195 Extra"]
[Source "ChessBase"]
[SourceDate "2020.05.31"]
[SourceVersion "1"]
[SourceVersionDate "2020.05.31"]
[SourceQuality "1"]

1. Nf3 d5 2. d4 Nf6 3. h3 Bf5 4. Nc3 e6 5. a3 c5 6. e3 Nc6 7. Bd2 Bd6 8. dxc5 Bxc5 9. b4 Bb6 10. Na4 Bc7 11. Nc5 Qc8 12. Bc3 0-0 13. g4 Be4 14. Bxf6 gxf6 15. Nxe4 dxe4 16. Nd2 Rd8 17. c3 Ne5 18. Qc2 Rd7 19. Qxe4 0-1

[Event "Asia zt 3.1"]
[Site "Amman"]
[Date "2019.06.23"]
[Round "6"]
[White "Salih, Al Hor"]
[Black "Majdalawi, Amr"]
[Result "0-1"]
[WhiteElo "1798"]
[BlackElo "1798"]
[PlyCount "100"]
[EventDate "2019.06.19"]
[EventType "swiss"]
[EventRounds "9"]
[EventCountry "JOR"]
[SourceTitle "CBM 191 Extra"]
[Source "ChessBase"]
[SourceDate "2019.09.30"]
[SourceVersion "1"]
[SourceVersionDate "2019.09.30"]
[SourceQuality "1"]

1. d4 d5 2. c4 e6 3. Nc3 Nf6 4. cxd5 exd5 5. Bg5 c6 6. e3 Bd6 7. Bd3 0-0 8. Qc2 h6 9. Bh4 Re8 10. Nge2 Nbd7 11. 0-0 Nf8 12. Rae1 Bg4 13. f3 Bh5 14. e4 Be7 15. e5 N6d7 16. Bxe7 Qxe7 17. Nf4 Qg5 18. Nce2 f6 19. Nxh5 Qxh5 20. e6 Nxe6 21. Bg6 Qh4 22. Bxe8 Rxe8 23. Qd2 Kf7 24. f4 f5 25. g3 Qh3 26. Nc3 Nf6 27. Re2 Ng4 28. Rfe1 h5 29. Rf1 h4 30. Rg2 Rh8 31. Rf3 hxg3 32. Rfxg3 Qh4 33. Rf3 Nf6 34. Kf1 Ng4 35. h3 Nf6 36. Qf2 Qh6 37. Ke1 Nh5 38. Ne2 Re8 39. Kd1 Nf6 40. Ng3 Qxh3 41. Ne2 Qh6 42. Rh2 Ng4 43. Rxh6 Nxf2+ 44. Rxf2 gxh6 45. Ng3 Nxd4 46. Rd2 c5 47. b4 b6 48. bxc5 bxc5 49. Rb2 Ke6 50. Nh5 Rg8 0-1

[Event "Olympiad-43"]
[Site "Batumi"]
[Date "2018.10.01"]
[Round "7.66"]
[White "Salih, Al Hor"]
[Black "Walker, Martin Graham"]
[Result "0-1"]
[WhiteElo "1847"]
[BlackElo "2078"]
[PlyCount "50"]
[EventDate "2018.09.24"]
[EventType "team-swiss"]
[EventRounds "11"]
[EventCountry "GEO"]
[SourceTitle "CBM 187"]
[Source "ChessBase"]
[SourceDate "2018.12.11"]
[SourceVersion "1"]
[SourceVersionDate "2018.12.11"]
[SourceQuality "1"]
[WhiteTeam "Qatar"]
[BlackTeam "South Korea"]
[WhiteTeamCountry "QAT"]
[BlackTeamCountry "KOR"]

1. d4 Nf6 2. Bf4 g6 3. Nc3 d5 4. e3 Bg7 5. h4 0-0 6. h5 c5 7. hxg6 hxg6 8. Be2 Qb6 9. Qd2 cxd4 10. exd4 Nc6 11. 0-0-0 Ne4 12. Nxe4 dxe4 13. c3 Rd8 14. Bh6 Bf6 15. Bc4 Bg4 16. Qf4 Bxd1 17. Bg7 Bh5 18. Bxf6 exf6 19. Qh6 Qa5 20. d5 Ne5 21. Be2 Nd3+ 22. Kb1 Qxd5 23. Nh3 Qb5 24. b3 Qe5 25. Bxh5 Qxc3 0-1

[Event "Olympiad-43"]
[Site "Batumi"]
[Date "2018.09.26"]
[Round "3.45"]
[White "Salih, Al Hor"]
[Black "Saber, Yasser"]
[Result "0-1"]
[WhiteElo "1847"]
[BlackElo "2192"]
[PlyCount "44"]
[EventDate "2018.09.24"]
[EventType "team-swiss"]
[EventRounds "11"]
[EventCountry "GEO"]
[SourceTitle "CBM 187"]
[Source "ChessBase"]
[SourceDate "2018.12.11"]
[SourceVersion "1"]
[SourceVersionDate "2018.12.11"]
[SourceQuality "1"]
[WhiteTeam "Qatar"]
[BlackTeam "Morocco"]
[WhiteTeamCountry "QAT"]
[BlackTeamCountry "MAR"]

1. e4 d6 2. d4 Nf6 3. Nc3 c6 4. a4 Nbd7 5. g3 e5 6. Nge2 Be7 7. Bg2 0-0 8. 0-0 Re8 9. h3 Qc7 10. g4 exd4 11. Nxd4 g6 12. Bh6 a5 13. f4 Nc5 14. Qf3 Qb6 15. Qe3 Bxg4 16. e5 Bd7 17. exf6 Bxf6 18. Qf2 Nd3 19. Qg3 Qxd4+ 20. Kh1 Nxb2 21. Ra3 Nc4 22. Rb3 Re3 0-1

[Event "Bahrain & Qatar Friendship"]
[Site "Seef"]
[Date "2017.02.04"]
[Round "5"]
[White "Salih, Al Hor"]
[Black "Surya, Jaya"]
[Result "0-1"]
[WhiteElo "1513"]
[BlackElo "1350"]
[PlyCount "96"]
[EventDate "2017.02.01"]
[EventType "schev"]
[EventRounds "6"]
[EventCountry "BHN"]
[SourceTitle "CBM 177 Extra"]
[Source "ChessBase"]
[SourceDate "2017.04.27"]
[SourceVersion "1"]
[SourceVersionDate "2017.04.27"]
[SourceQuality "1"]

1. e4 c6 2. Nc3 d5 3. Nf3 dxe4 4. Nxe4 Nf6 5. Ng3 Bg4 6. h3 Bxf3 7. Qxf3 e6 8. c3 Bd6 9. d4 Qc7 10. Bd3 h6 11. Bd2 Nbd7 12. 0-0-0 0-0 13. Nh5 Nxh5 14. Qxh5 Nf6 15. Qh4 Nd5 16. Bxh6 gxh6 17. g3 f5 18. Qxh6 Rf6 19. Qh4 Qh7 20. Qg5+ Qg6 21. Qd2 Qh6 22. Qxh6 Rxh6 23. Rde1 Kf7 24. Re2 Rah8 25. Rhe1 f4 26. c4 Nb4 27. Bb1 fxg3 28. fxg3 Bxg3 29. Rf1+ Rf6 30. Rg1 Rxh3 31. a3 Na6 32. Reg2 Bf4+ 33. Kd1 Be3 34. Rg7+ Ke8 35. R1g4 Rf1+ 36. Kc2 Rf2+ 37. Kb3 Bh6+ 38. Rg3 Rf3+ 39. Ka4 Rhxg3 40. Rxb7 Rg7 41. Be4 Rxb7 42. Bxc6+ Rd7 43. Bxf3 Rxd4 44. Kb5 Nc7+ 45. Kc5 Rd2 46. b4 Kd7 47. Bc6+ Kc8 48. a4 Be3# 0-1

[Event "Bahrain & Qatar Friendship"]
[Site "Seef"]
[Date "2017.02.03"]
[Round "2"]
[White "Surya, Jaya"]
[Black "Salih, Al Hor"]
[Result "0-1"]
[WhiteElo "1350"]
[BlackElo "1513"]
[PlyCount "86"]
[EventDate "2017.02.01"]
[EventType "schev"]
[EventRounds "6"]
[EventCountry "BHN"]
[SourceTitle "CBM 177 Extra"]
[Source "ChessBase"]
[SourceDate "2017.04.27"]
[SourceVersion "1"]
[SourceVersionDate "2017.04.27"]
[SourceQuality "1"]

1. Nf3 Nf6 2. g3 d5 3. Bg2 c5 4. 0-0 Nc6 5. d3 e5 6. c4 d4 7. Qb3 Be7 8. Nbd2 Rb8 9. a3 Be6 10. Rb1 b5 11. Qc2 b4 12. Ng5 Bd7 13. Nge4 Nxe4 14. Bxe4 f5 15. Bg2 Bg5 16. Nf3 b3 17. Qd1 Bxc1 18. Qxc1 0-0 19. Ng5 h6 20. Bd5+ Kh8 21. Nf7+ Rxf7 22. Bxf7 f4 23. Bd5 Ne7 24. Bg2 Rb6 25. Qe1 Nf5 26. Qd2 Qg5 27. Kh1 Rg6 28. Be4 Qh5 29. Kg1 Qg4 30. Kh1 Qh5 31. Bf3 Qh3 32. Bg2 Qg4 33. h3 Nxg3+ 34. fxg3 Qxg3 35. e4 fxe3 36. Qe2 Bxh3 37. Bxh3 Qxh3+ 38. Qh2 Qg4 39. Rf8+ Kh7 40. Rg1 e2 41. Rf2 Qxg1+ 42. Qxg1 Rxg1+ 43. Kxg1 e1Q+ 0-1

[Event "UAE-ch U15 int"]
[Site "Al Ain"]
[Date "2015.04.08"]
[Round "5"]
[White "Salih, Al Hor"]
[Black "Thaer, Abu Alhaija"]
[Result "1-0"]
[WhiteElo "1408"]
[BlackElo "1556"]
[PlyCount "73"]
[EventDate "2015.04.06"]
[EventType "swiss"]
[EventRounds "9"]
[EventCountry "UAE"]
[SourceTitle "CBM 166 Extra"]
[Source "ChessBase"]
[SourceDate "2015.06.18"]
[SourceVersion "1"]
[SourceVersionDate "2015.06.18"]
[SourceQuality "1"]

1. e4 e5 2. Nf3 Nc6 3. Bc4 g6 4. c3 Bg7 5. d4 d6 6. 0-0 Nge7 7. Be3 0-0 8. h3 Bd7 9. Nbd2 h6 10. a3 Kh7 11. Kh2 f5 12. Bg5 Na5 13. Ba2 Qe8 14. Bxe7 Qxe7 15. Kg1 Be6 16. d5 fxe4 17. Nxe4 Bf5 18. Ng3 b6 19. Nxf5 Rxf5 20. b4 Nb7 21. Bb1 Rff8 22. Re1 Qd8 23. h4 Rxf3 24. Qxf3 Qxh4 25. Qf7 Qf6 26. Qxc7 Rf8 27. Rf1 Rf7 28. Qc4 e4 29. Bxe4 Qxc3 30. Qxc3 Bxc3 31. Ra2 Rf4 32. Bf3 Bg7 33. Rc2 Rf7 34. Rfc1 a5 35. Rc7 Rxc7 36. Rxc7 axb4 37. axb4 1-0